Statistics for Guangdong Province Quiz

Click here to take the quiz!

General Stats

  • This quiz has been taken 175 times
    (129 since last reset)
  • The average score is 15 of 19

Answer Stats

HintAnswer% Correct
CapitalGuangzhou
100%
City that was a village in the 1950s but now has over 10 million peopleShen{zhen}
94%
Nearby coastal special administrative citiesHong Kong
93%
Macau
93%
This drug was traded through the capital, triggering a war in 1839Opium
91%
River system with a very populous and wealthy deltaPearl River
86%
As a high-tech hub, Shen... is often compared to this area in CaliforniaSilicon Valley
86%
Bordering seaSouth China Sea
86%
Mentioned city became China's first SEZ in 1979. What does SEZ mean?Special {Economic} Zone
86%
Historical name for the province and/or capitalCanton
82%
This company was briefly the world's top smartphone producer in 2020Huawei
79%
The capital was an important port along this ancient trade routeSilk Road
79%
Region to the west which also starts with "Guang"Guangxi
78%
Three subnational divisions in the world are more populous. All are in India. Name any.Bihar | Maharashtra | Uttar Pradesh
64%
Leader who famously toured the region in 1992 Deng Xiaoping
63%
"Guang" means expanse. What does "Guangdong" mean?{Eastern} Expanse
53%
Tech company that offers the messenging services Wechat and QQTencent
52%
Fruit with a rough and pinkish outside and fleshy insideLychee
47%
Urban region of about 70 million people and 11 cities (including those above)Greater {Bay} Area
41%

Score Distribution

Percentile by Number Answered

Percent of People with Each Score

Your Score History

You have not taken this quiz since the last reset